| 000 | 00000nam##2200000za#4500 |
| 001 | 9.649964 |
| 003 | CaOODSP |
| 005 | 20220224110443 |
| 007 | ta |
| 008 | 150407|2005||||xxc||||| f|0| 0 eng|d |
| 020 | |a0-662-42194-9 |
| 040 | |aCaOODSP|beng |
| 043 | |an-cn--- |
| 086 | 1 |aFo134-1/2005E |
| 110 | 1 |aCanada. |bNatural Resources Canada. |bCanadian Forest Service. |
| 245 | 10|aCanadian wildland fire strategy : |ba vision for an innovative and integrated approach to managing the risks / |cIssued by the Northern Forestry Centre. A report to the Canadian Council of Forest Ministers, prepared by the Canadian Wildlife Fire Strategy Assistant Deputy Ministers Task Group. |
| 260 | |aEdmonton - Alberta : |bNatural Resources Canada. |c2005. |
| 300 | |avi, 18p. : |bcoloured illus., graphs, maps ; |c28 cm. |
| 500 | |aIncludes a folded sheet entitled 'Canadian Wildland Fire Strategy Declaration'. |
| 520 | 3 |aThis report describes the current state of wildland fire and its management in Canada, a vision for a desired future state, and recommendations on how to initiate the necessary changes over the next 10 years. |
| 563 | |aSoftcover |
| 590 | |a06-26|b2006-06-30 |
| 690 | 07|aForest fires|2gcpds |
| 710 | 2 |aCanadian Council of Forest Ministers. |
| 775 | 08|tStatégie canadienne en matière de feux de forêt : |w(CaOODSP)9.683091 |
| 776 | 0#|tCanadian wildland fire strategy : |w(CaOODSP)9.687948 |